|
|
|
|
| LEADER |
00000cam a2200000 c 4500 |
| 001 |
275246671 |
| 003 |
DE-627 |
| 005 |
20260206192216.0 |
| 007 |
tu |
| 008 |
900720s1990 gw ||||| 00| ||ger c |
| 015 |
|
|
|a 89,N47,0047
|2 dnb
|
| 015 |
|
|
|a 90,A35,0213
|2 dnb
|
| 016 |
7 |
|
|a 891654585
|2 DE-101
|
| 020 |
|
|
|a 3540516913
|9 3-540-51691-3
|
| 020 |
|
|
|a 0387516913
|9 0-387-51691-3
|
| 035 |
|
|
|a (DE-627)275246671
|
| 035 |
|
|
|a (DE-603)011550090
|
| 035 |
|
|
|a (DE-576)021077495
|
| 035 |
|
|
|a (DE-599)GBV275246671
|
| 035 |
|
|
|a (OCoLC)230997608
|
| 035 |
|
|
|a (OCoLC)23770655
|
| 035 |
|
|
|a (OCoLC)311288768
|
| 040 |
|
|
|a DE-627
|b ger
|c DE-627
|e rakwb
|
| 041 |
|
|
|a ger
|
| 044 |
|
|
|c XA-DE
|c XD-US
|c XA-GB
|
| 060 |
|
0 |
|a WM 420
|
| 084 |
|
|
|a 11
|2 sdnb
|
| 084 |
|
|
|a 11
|a 33
|2 sdnb
|
| 084 |
|
|
|a CU 8000
|2 rvk
|0 (DE-625)rvk/19124:
|
| 084 |
|
|
|a YH 7900
|2 rvk
|0 (DE-625)rvk/153582:12905
|
| 084 |
|
|
|a CU 8000
|2 rvk
|0 (DE-625)rvk/19124:
|
| 084 |
|
|
|a YH 7900
|2 rvk
|0 (DE-625)rvk/153582:12905
|
| 084 |
|
|
|a ZX 7879
|2 rvk
|0 (DE-625)rvk/158489:14256
|
| 245 |
0 |
0 |
|a Wirkfaktoren der Psychotherapie
|b ... mit 32 Tabellen
|c Hermann Lang (Hrsg.)
|
| 264 |
|
1 |
|a Berlin
|a Heidelberg [u.a.]
|b Springer
|c 1990
|
| 300 |
|
|
|a XI, 328 S.
|b Ill.
|c 25 cm
|
| 336 |
|
|
|a Text
|b txt
|2 rdacontent
|
| 337 |
|
|
|a ohne Hilfsmittel zu benutzen
|b n
|2 rdamedia
|
| 338 |
|
|
|a Band
|b nc
|2 rdacarrier
|
| 500 |
|
|
|a Literaturangaben
|
| 583 |
1 |
|
|a Archivierung/Langzeitarchivierung gewährleistet
|f PEBW
|x XA-DE-BW
|2 pdager
|5 DE-31
|
| 650 |
|
2 |
|a Psychotherapy
|
| 650 |
0 |
7 |
|0 (DE-588)4047746-0
|0 (DE-627)106193694
|0 (DE-576)209074590
|a Psychotherapie
|2 gnd
|
| 650 |
0 |
7 |
|0 (DE-588)4190021-2
|0 (DE-627)104160543
|0 (DE-576)210063904
|a Wirkung
|2 gnd
|
| 655 |
|
7 |
|a Aufsatzsammlung
|0 (DE-588)4143413-4
|0 (DE-627)105605727
|0 (DE-576)209726091
|2 gnd-content
|
| 689 |
0 |
0 |
|d s
|0 (DE-588)4047746-0
|0 (DE-627)106193694
|0 (DE-576)209074590
|a Psychotherapie
|2 gnd
|
| 689 |
0 |
1 |
|d s
|0 (DE-588)4190021-2
|0 (DE-627)104160543
|0 (DE-576)210063904
|a Wirkung
|2 gnd
|
| 689 |
0 |
|
|5 DE-101
|
| 689 |
1 |
0 |
|d s
|0 (DE-588)4047746-0
|0 (DE-627)106193694
|0 (DE-576)209074590
|a Psychotherapie
|2 gnd
|
| 689 |
1 |
1 |
|d s
|0 (DE-588)4190021-2
|0 (DE-627)104160543
|0 (DE-576)210063904
|a Wirkung
|2 gnd
|
| 689 |
1 |
|
|5 (DE-627)
|
| 700 |
1 |
|
|a Lang, Hermann
|d 1938-2019
|e Hrsg.
|0 (DE-588)12229176X
|0 (DE-627)081855583
|0 (DE-576)214156044
|4 edt
|
| 856 |
4 |
2 |
|u http://d-nb.info/891654585/04
|m B:DE-101
|q application/pdf
|3 Inhaltsverzeichnis
|7 1
|
| 856 |
4 |
2 |
|u http://scans.hebis.de/HEBCGI/show.pl?01155009_toc.pdf
|m V:DE-605;X:Imageware
|q application/pdf
|3 Inhaltsverzeichnis
|7 1
|
| 889 |
|
|
|w (DE-627)076118096
|
| 889 |
|
|
|w (DE-627)026112795
|
| 935 |
|
|
|i mdedup
|
| 935 |
|
|
|i Blocktest
|
| 936 |
r |
v |
|a CU 8000
|b Allgemeines, Einführungen, Gesamtdarstellungen
|k Psychologie
|k Klinische Psychologie
|k Psychologische Behandlungsmethoden, Psychotherapie
|k Allgemeines, Einführungen, Gesamtdarstellungen
|0 (DE-627)1271481030
|0 (DE-625)rvk/19124:
|0 (DE-576)201481030
|
| 936 |
r |
v |
|a YH 7900
|b Allgemeines
|k Medizin
|k Psychiatrie, Medizinische Psychologie
|k Spezielle Psychiatrie
|k Psychotherapie
|k Methoden der Psychotherapie, Psychoanalyse
|k Allgemeines
|0 (DE-627)1270880241
|0 (DE-625)rvk/153582:12905
|0 (DE-576)200880241
|
| 936 |
r |
v |
|a CU 8000
|b Allgemeines, Einführungen, Gesamtdarstellungen
|k Psychologie
|k Klinische Psychologie
|k Psychologische Behandlungsmethoden, Psychotherapie
|k Allgemeines, Einführungen, Gesamtdarstellungen
|0 (DE-627)1271481030
|0 (DE-625)rvk/19124:
|0 (DE-576)201481030
|
| 936 |
r |
v |
|a YH 7900
|b Allgemeines
|k Medizin
|k Psychiatrie, Medizinische Psychologie
|k Spezielle Psychiatrie
|k Psychotherapie
|k Methoden der Psychotherapie, Psychoanalyse
|k Allgemeines
|0 (DE-627)1270880241
|0 (DE-625)rvk/153582:12905
|0 (DE-576)200880241
|
| 936 |
r |
v |
|a ZX 7879
|b Sonstiges
|k Sport
|k Sportwissenschaft
|k Theorie des Sports für einzelne Gruppen und Bereiche
|k Sonstiges (z.B. Sport im Strafvollzug)
|k Sonstiges
|0 (DE-627)1399331817
|0 (DE-625)rvk/158489:14256
|0 (DE-576)329331817
|
| 936 |
s |
n |
|a c200
|2 mzub
|
| 936 |
s |
n |
|a w200
|2 mzub
|
| 936 |
s |
n |
|a z300
|2 mzub
|
| 951 |
|
|
|a BO
|
| ELC |
|
|
|b 1
|
| LOK |
|
|
|0 000 xxxxxcx a22 zn 4500
|
| LOK |
|
|
|0 001 3341153381
|
| LOK |
|
|
|0 003 DE-627
|
| LOK |
|
|
|0 004 275246671
|
| LOK |
|
|
|0 005 20020607000000
|
| LOK |
|
|
|0 008 930114||||||||||||||||ger|||||||
|
| LOK |
|
|
|0 040
|a DE-21-110
|c DE-627
|d DE-21-110
|
| LOK |
|
|
|0 852
|a DE-21-110
|
| LOK |
|
|
|0 852 1
|c M XII 212
|m p
|9 00
|
| LOK |
|
|
|0 935
|a k110
|
| LOK |
|
|
|0 936ln
|a 8.6.7
|
| LOK |
|
|
|0 938
|k p
|
| LOK |
|
|
|0 939
|a 14-01-93
|b l01
|
| ORI |
|
|
|a SA-MARC-krimdoka001.raw
|
| SIG |
|
|
|a IFK: M XII 212
|